000 00730nam a2200229Ia 4500
999 _c36067
_d36067
001 1967
003 GE_BSU
005 20221007113640.0
008 181216s2007ru xx |||||||||||||| ||rus||
020 _a9785463000816
040 _cGE_BSU
041 _arus
080 _a342.56(075.8) С-13
100 _aСавюк,Л.К.
_915132
245 _aПравоохранительные органы :
_bУчубник для вузов. /
_cЛ.К. Савюк.
250 _a2-е изд. доп. и перераб
264 _aМосква :
_bНорма,
_c2007.
300 _a704 стр.:
_b 21 см.
653 _aПравоохранительные органы
653 _aსამართალი
942 _cBK
_2udc